|
|
|
|
| LEADER |
00746cam a2200217 7i4500 |
| 001 |
0000029527 |
| 005 |
20170218090000.0 |
| 008 |
100716 eng |
| 020 |
|
|
|a 9781848444720 (pbk.)
|
| 040 |
|
|
|a DLC
|
| 090 |
0 |
0 |
|a HC79.E5
|b H227 2007
|
| 245 |
0 |
0 |
|a Handbook of sustainable development
|c edited by Giles Atkinson, Simon Dietz, Eric Neumayer.
|
| 260 |
|
|
|a Cheltenham, U.K.:
|b Edward Elgar,
|c 2007.
|
| 300 |
|
|
|a xv, 489 p.;
|c 24 cm.
|
| 504 |
|
|
|a Includes bibliographical references and index
|
| 650 |
0 |
0 |
|a Sustainable development
|
| 700 |
1 |
|
|a Atkinson, Giles
|
| 700 |
1 |
|
|a Dietz, Simon
|
| 700 |
1 |
|
|a Neumayer, Eric
|
| 997 |
|
|
|a Business & Accountancy, Faculty
|
| 999 |
|
|
|a 0000039940
|b BOK
|c REFERENCE
|e Ground Floor, Bestari Jaya
|